Music Quiz

Random Music or Artist Quiz

Artistas Pela Música Quiz Stats

 Plays Quiz not verified by Sporcle

Challenge
Share
Tweet
Embed
Score 0/40 Timer 20:00
0 Plays Today
Músicas Artistas % Correct
MeteoroLuan Santana
95.2%
Bad RomanceLady Gaga
81%
RagatangaRouge
76.2%
BabyJustin Bieber
66.7%
Proíbida Pra MimCharlie Brown Jr
66.7%
Ela Só Pensa Em BeijarMC Leozinho
66.7%
Dormi na PraçaBruno & Marrone
66.7%
A Lua Me TraiuCalypso
66.7%
Levo ComigoRestart
61.9%
Garota RadicalCine
61.9%
American IdiotGreen Day
61.9%
Me AdoraPitty
57.1%
NatashaCapital Inicial
57.1%
Já Sei NamorarTribalistas
57.1%
Paga PauFernando & Sorocaba
52.4%
PirraçaJorge & Matheus
52.4%
Dias AtrásCPM 22
52.4%
Não Se ReprimaMenudo
52.4%
Só RezoNX Zero
52.4%
Quando o Sol Se PorDetonautas
52.4%
Músicas Artistas % Correct
Faz Um Milagre Em MimRegis Danese
47.6%
Tapa Na CaraZeze di Camargo & Luciano
47.6%
Pode ChorarAlexandre Pires
38.1%
Step By StepNew Kids On The Block
33.3%
Touch My BodyMariah Carey
33.3%
Um AnjoKLB
33.3%
P da VidaDomino
33.3%
This is MeDemi Lovato & Joe Jonas
28.6%
Fique em SilêncioRBD
28.6%
Dá Pra MimPolegar
28.6%
Uma MúsicaFresno
28.6%
Tarde VaziaIra
28.6%
Se Você Não Está AquiBroz
23.8%
Volta Pra MImRoupa Nova
23.8%
Sem JuízoIsrael Lucero
19%
Nossa PaixãoSaulo Roston
19%
SegredosHori
19%
Pop StarKen Hirai
19%
HeyMitchell Musso
19%
Amante ProfissonalErva Doce
19%

You're not logged in!

Compare scores with friends on all Sporcle quizzes.
OR
Log In

You Might Also Like...

Show Comments

Extras

Created Dec 2, 2010ReportNominate
Tags:Artist Quiz, música

Top Quizzes Today


Score Distribution

Your Account Isn't Verified!

In order to create a playlist on Sporcle, you need to verify the email address you used during registration. Go to your Sporcle Settings to finish the process.

Report this User

Report this user for behavior that violates our Community Guidelines.

Details: